000 00519nam a2200157Ia 4500
999 _c20038
_d20038
003 OSt
005 20200624145615.0
008 190216s9999||||xx |||||||||||||| ||und||
040 _coclc
082 _a954.0317
_bSEN/R
100 _aSengupta, Kalyan Kumar
_93205
245 0 _aRecent Wirtings On The Revolt Of 1857 A Survey /
_cKalyan Kumar Sengupta
260 _bIndian Council Of Historical Research,
_c1975.
_aNew Delhi:
300 _a70p
942 _cBK
_2ddc
_h954.0317
_iSEN/R
_k954.0317
_mSEN/R